000 00843nam a22002297a 4500
999 _c19055
_d19055
003 AR-CdUCM
008 190516b ||||| |||| 00| 0 spa d
040 _aMUNICIPALIDAD PROVINCIAL DEL CUSCO
_cBIBLIOTECA MUNICIPAL DEL CUSCO
041 _heng
082 _23ed
_a385 /
_bB72
100 _aBonavia, Michael Robert
_940133
245 _aEconomía de los transportes /
260 _aMéxico, D. F :
_bFondo de Cultura Económica,
_c1956.
300 _a158 páginas ;
_c22 cm.
505 _aContenido: Función de los transportes -- Los medios de transportes -- La organización del transporte...
650 _aEconomía del transporte
_940134
650 _aAdministración
_94472
650 _aAspectos sociales y económicos
_915309
700 _aOrtis, Teodoro (traducción)
_940135
942 _2ddc
_cLIBROS
945 _adavv
_d2019-05-16